000 01332nam a22002657a 4500
005 20170124103149.0
010 _aB-083296
020 _c40.00
_a8171373976
035 _aB-083296
037 _bCen Lib/Ret
040 _aDPL
_bHN
082 _a350
_bअरोड़ा
100 _aअरोड़ा, रमेश कुमार
_99532
245 _aतुलनात्मक लोक प्रशासन :
_cरमेश कुमार अरोड़ा
_bएक सैद्धांतिक विवेचन /
246 _aTulnatmak lok prashasan : ek saidhantik vivechan /
_bby Ramesh Kumar Arora
250 _aतेरहव संस्करण
260 _aजयपुर
_bराजस्थान हिन्दी ग्रन्थ अकादेमी
_c2002
270 _aप्लाट नं.1, झालाना सस्न्थानिक क्षेत्र
_bजयपुर
_e302004
300 _a158पृ.
_c21सेमी(सजिल्द)
650 _aलोक प्रशासन
_94735
650 _aलोक प्रशासन--राजनितिक सन्दर्भ
_987245
650 _aPublic administration
_94733
650 _aPublic administration--Political context
_987246
942 _2ddc
_cHN
_h350
_mअरोड़ा
999 _c119864
_d119864